• 首页
  • 本馆介绍
  • 公告通知
  • 最新文献
  • 馆藏检索
  • 电子资源
  • 读者导购
  • 参考咨询
  • 我的图书馆
  • 登录
  • 详细信息显示
  • 放入我的书架
  • 预约/预借图书
  • 作者相关作品
  • 分类相关作品
  • 丛书相关作品
  • 出版社相关作品

书目信息

  • 表格格式
  • 工作单格式
  • 卡片格式
题名:
论共产主义教育
    
 
作者: 马卡连柯 著 ;刘长松 , 杨慕之 译
分册:  
出版信息: 北京   人民教育出版社  1954.12
页数: 512页
开本: 20cm
丛书名:
单 册:
中图分类: G751.2
科图分类:
主题词: 教育--类型
电子资源:
ISBN:
000 00667nam0 2200217 45
001 0302171457
005 20060731170431.40
010    @dCNY1.30
091    @a7012.045
100    @a20030217d1954 km y0chiy0120 ea
101 0  @achi
200 1  @a论共产主义教育@ALun Gong Chan Zhu Yi Jiao Yu@f(苏联)安·谢·马卡连柯著@F(Su Lian)An·Xie·Ma Ka Lian Ke Zhu@g刘长松,杨慕之译
210    @a北京@c人民教育出版社@d1954.12
215    @a512页@d20cm
606 0  @a教育@x类型
690    @aG751.2@v3
701  0 @a马卡连柯@4著
702  0 @a刘长松@ALiu Chang Song@4译
702  0 @a杨慕之@AYang Mu Zhi@4译
801    @aCN@bTSTC@c20060731
905    @dG751.2@e14@f1@b18778@b18772-773@f2
    
    论共产主义教育/(苏联)安·谢·马卡连柯著/刘长松,杨慕之译.-北京:人民教育出版社,1954.12
    512页;20cm
    
    
    ISBN :CNY1.30
    
●
相关链接 在E读中查询图书 在五车中查询图书 在当当中查询图书 在豆瓣中查询图书


正题名:论共产主义教育     索取号:G751.2/14         预约/预借

序号 登录号 条形码 馆藏地/架位号 状态 备注
1 0018772   000295629   密集书库/ [索取号:G751.2/14] 在馆    
2 0018773   000295638   密集书库/ [索取号:G751.2/14] 在馆    
3 0018776   202173432   密集书库/ [索取号:G751.2/14] 在馆    
4 0018777   001735153   密集书库/ [索取号:G751.2/14] 在馆    
5 0018778   000295647   密集书库/ [索取号:G751.2/14] 在馆    
6 0440203   204402039   密集书库/ [索取号:G751.2/14] 在馆    
7 0440204   204402048   密集书库/ [索取号:G751.2/14] 在馆    
唐山师范学院图书馆 欢迎您!
大连网信软件有限公司© 版权所有